Solid state physics (Record no. 17197)

MARC details
000 -LEADER
fixed length control field 00512nam a2200181Ia 4500
003 - CONTROL NUMBER IDENTIFIER
control field IN-BaIIA
008 - FIXED-LENGTH DATA ELEMENTS--GENERAL INFORMATION
fixed length control field 211028s9999 xx 000 0 eng d
020 ## - INTERNATIONAL STANDARD BOOK NUMBER
International Standard Book Number 978-8125910114
040 ## - CATALOGING SOURCE
Transcribing agency IIA Library
080 ## - UNIVERSAL DECIMAL CLASSIFICATION NUMBER
Universal Decimal Classification number 539.2
Item number GUP
100 ## - MAIN ENTRY--PERSONAL NAME
Personal name Gupta, H. C.
9 (RLIN) 32408
245 #0 - TITLE STATEMENT
Title Solid state physics
Statement of responsibility, etc. H. C. Gupta
250 ## - EDITION STATEMENT
Edition statement 2nd ed.
260 ## - PUBLICATION, DISTRIBUTION, ETC.
Place of publication, distribution, etc. New Delhi
Name of publisher, distributor, etc. Vikas Publishing
Date of publication, distribution, etc. 2008
300 ## - PHYSICAL DESCRIPTION
Extent [various pagings.]
650 ## - SUBJECT ADDED ENTRY--TOPICAL TERM
Topical term or geographic name entry element Solid state physics
942 ## - ADDED ENTRY ELEMENTS (KOHA)
Koha item type Books
Holdings
Withdrawn status Lost status Damaged status Not for loan Home library Current library Shelving location Date acquired Source of acquisition Total Checkouts Full call number Barcode Date last seen Price effective from Koha item type
        IIA Library-Bangalore IIA Library-Guribidanur General Stacks 14/02/2009 ANJ   539.2/ GUP 18119 05/11/2021 14/02/2009 Books

Powered by Koha